Loading...

Bharatheeya kavyasasthrathinu oramugham/

Bibliografiske detaljer
Hovedforfatter: Jayachandran V P
Format: Printed Book
Udgivet: Kollam: Saindhava, 2009.
Fag:
LEADER 00538nam a22001457a 4500
082 |a M 801.93  |b JAY/B 
100 |a Jayachandran V P  |9 91624 
245 |a Bharatheeya kavyasasthrathinu oramugham/  |c by Jayachandran V P 
260 |a Kollam:  |b Saindhava,  |c 2009. 
300 |a 95p. 
650 |a Aesthetics Literature  |9 91625 
650 |a Litearture  |9 91626 
942 |c BK 
999 |c 139724  |d 139724 
952 |0 0  |1 0  |4 0  |6 M_801_930000000000000_JAY_B  |7 0  |9 96599  |a SSUS  |b SSUS  |c STACKS  |d 2018-12-12  |g 60.00  |l 2  |o M 801.93 JAY/B  |p 092597  |r 2020-01-31  |s 2020-01-27  |w 2018-12-12  |y BK